| 000 | 00532nam a2200205 i 4500 | ||
|---|---|---|---|
| 001 | bg | ||
| 100 | 1 | _aKUSTRA, Piotr | |
| 245 | 1 | 0 |
_aNorton Commander 4.0 wiecznie młody / _cPiotr Kustra. |
| 260 |
_aWrocław : _b"Croma", _c1993. |
||
| 300 |
_a148 s. : _brys. ; _c24 cm. |
||
| 490 | 1 | _aKomputer Zmienia Oblicze | |
| 504 | _aIndeks. | ||
| 630 | 0 | 9 | _aNorton Commander |
| 830 | _aKomputer Zmienia Oblicze | ||
| 040 | _cBPK | ||
| 041 | 0 | _apl | |
| 080 | _a681.322.06 | ||
| 942 | _cKS | ||
| 008 | s pl f |000 0 pol | ||
| 999 |
_c31977 _d31977 |
||
| 856 |
_uhttp://koha.tu.koszalin.pl/cgi-bin/koha/opac-detail.pl?biblionumber=31977 _yKatalog online BPK |
||